| 000 | 01436nam a2200337Ia 4500 | ||
|---|---|---|---|
| 001 | berlitzessential00berl | ||
| 003 | CaSfIA | ||
| 005 | 20210117192642.0 | ||
| 007 | cr|||| | ||
| 008 | 930125s1992 nyua 000 0 eng d | ||
| 010 | _a 93000122 | ||
| 040 |
_aVHB _cVHB _dBTCTA _dYDXCP _dCaSfIA |
||
| 020 | _a2831517990 | ||
| 020 | _a9782831517995 | ||
| 035 | _a(OCoLC)27313775 | ||
| 041 | 0 | _aengspa | |
| 050 | 4 |
_aPC4112 _b.B4 1992 |
|
| 082 | 4 | _a468 | |
| 245 | 0 | 0 |
_aBerlitz essential Spanish / _h[electronic resource] _cBerlitz. |
| 260 |
_aNew York : _bBerlitz, _cc1992. |
||
| 300 |
_axii, 261 p. : _bill. ; _c22 cm. |
||
| 650 | 0 |
_aSpanish language _vTextbooks for foreign speakers _xEnglish. |
|
| 710 | 2 | _aBerlitz. | |
| 856 | 4 | 1 |
_uhttp://www.archive.org/details/berlitzessential00berl _zFree eBook from the Internet Archive |
| 856 | 4 | 2 |
_uhttp://www.openlibrary.org/books/OL23275151M _zAdditional information and access via Open Library |
| 029 | 1 |
_aNLGGC _b10724084X |
|
| 999 |
_c473052 _d473052 |
||
| 942 | _cEB | ||
| 506 | _fНеобхідна авторизація на https://archive.org/ (створення облікового запису безкоштовно) | ||
| 506 | _fНеобхідна авторизація на https://openlibrary.org/ (створення облікового запису безкоштовно) | ||